Classement ligue 1 (1976-1977) - Statistiques

Statistiques générales
  • Ce quiz a été pris 83 fois
  • Le résultat moyen est 15 sur 20
Statistiques - réponses
Hint16 Réponse % Correct
12 marseille
96%
5 saint etienne
96%
10 bordeaux
95%
1 nantes
93%
19 lille
92%
6 lyon
92%
7 nice
89%
2 lens
88%
8 metz
86%
2O rennes
85%
4 nancy
80%
11 reims
77%
14 sochaux
74%
13 nimes
73%
3 bastia
69%
18 angers
66%
17 valenciennes
64%
15 troyes
55%
16 laval
41%
9 paris sg
16%
Aucun quiz correspondant
Distribution des résultats
% des personnes avec chaque résultat
Percentile par nombre de réponses
Votre historique - résultats
Vous n’avez pas pris ce quiz